Hindu Mythology (Record no. 15481)

MARC details
000 -LEADER
fixed length control field 00561nam a2200229 a 4500
020 ## - INTERNATIONAL STANDARD BOOK NUMBER
ISBN
082 00 - DEWEY DECIMAL CLASSIFICATION NUMBER
Classification number 294.5513
Author Cutter WIL
100 ## - MAIN ENTRY--AUTHOR NAME
Author name Wilking, W J
245 ## - TITLE STATEMENT
Title Hindu Mythology
Sub title Vedic and Puranic
260 ## - PUBLICATION, DISTRIBUTION, ETC. (IMPRINT)
Place of publication New Delhi
Name of publisher Rupa and Company
Year of publication 2006
300 ## - PHYSICAL DESCRIPTION
Number of Pages 499p
500 ## - GENERAL NOTE
General note includes index and biblioraphy
650 ## - SUBJECT ADDED ENTRY--TOPICAL TERM
Topical Term Mythology-Hindu
942 ## - ADDED ENTRY ELEMENTS (KOHA)
Koha item type Books
700 1# -
-- Wilking, W J
Holdings
Collection code Home library Current library Date acquired Cost, normal purchase price Full call number Accession Number Koha item type
  Henry Martyn Institute Library Henry Martyn Institute Library 04/13/2007 195.00 294.5513 WIL 021664 Books
                   Copyright © 2026 | Henry Martyn Institute | Hyderabad | TS-500052 | INDIA | Implemented by hmi.edu.in
Hit-Count:

Powered by Koha